Регионална библиотека "Любен Каравелов" - Русе

Арнаудов сборник (Запис номер 95652)

MARC детайли
000 -Лидер
Контролно поле с фиксирана дължина 02781nam a2200529 c 4500
003 - Код на организацията, давaща контролен номер
Контролно поле BLK
005 - Дата и час на последна редакция
Контролно поле 20240313005503.0
008 - Елементи от данни с фиксирана дължина
fixed length control field 180409b bul|||||r ||||||| ||bul||
010 ## - Наследен системен номер
LC control number KNG00100514000
020 ## - Международен стандартен номер на книга ISBN
Международен стандартен номер на книга ISBN 954-8190-18-4
040 ## - Източник на каталожния запис
Идентификатор на билиотеката - собственик на записа BLK
041 ## - Код за език
Код за езика на текст/звукозапис или на отделно заглавие Български
Код за езика КДБФ Български
080 ## - УДК
Текстов определител УДК Литературна критика
УДК код - определител по УДК 82.09
УДК определител (497.2)(092)(063)
УДК - код + определител 82.09(497.2)(092)(063)
080 ## - УДК
Текстов определител УДК Етнология. Етнография. Нрави. Обичаи. Бит. Фолклористика. Вж и 572 ; 903 ; 904
УДК код - определител по УДК 39
УДК определител (497.2)(063)
УДК - код + определител 39(497.2)(063)
080 ## - УДК
Текстов определител УДК Българска литература
УДК код - определител по УДК 821.163.2
УДК определител .09(063)
УДК - код + определител 821.163.2.09(063)
080 ## - УДК
Текстов определител УДК Български фолклорист, литературен историк, етнограф
УДК код - определител по УДК 929 Арнаудов, Михаил Петров
УДК - код + определител 929 Арнаудов, Михаил Петров
139 ## - Редно поле
Редна дума Арнаудов сборник
Авторски знак Арн - А 87
245 10 - Сведения за заглавието
Заглавие Арнаудов сборник
Подзаглавни данни Т. 1 - За том: Материали от междунар. науч. форум ІІ Арнаудови четения, 27-28 окт. 2000, Русе
Редно поле (дума) ред. кол. Тодор Иванов Живков; състав. на том Руси Русев; ред. кол. на том Тодор Иванов Живков.
Том Т. 2
Заглавие на том Докл. и съобщения
257 ## - Страна на издаване
Страна на създаване/издаване България
260 ## - Област на издателските данни
Година на издаване 2001
Място на издаване, разпространение и проч. Русе
Име на издателя, разпространителя и проч. Лени-Ан
Печатница Лени-Ан
300 ## - Физическа характеристика
Размери/Мащаб 30 см
Страници 239 с.
380 ## - Жанр
Жанр Литературознание
600 14 - Име на лице, използвано като предмет
За него / За нея Арнаудов, Михаил Петров
9 (RLIN) 33558
650 #4 - Допълнително описание по предмет – тема
Основно описание – тема или топоним Литературни историци и критици, български
9 (RLIN) 242486
650 #4 - Допълнително описание по предмет – тема
Основно описание – тема или топоним Фолклористи, български
9 (RLIN) 175908
650 #4 - Допълнително описание по предмет – тема
Основно описание – тема или топоним Обреди и обичаи, български
9 (RLIN) 241811
650 #4 - Допълнително описание по предмет – тема
Основно описание – тема или топоним Народно творчество, българско
9 (RLIN) 245232
650 #4 - Допълнително описание по предмет – тема
Основно описание – тема или топоним Българска литература - теми, образи, сюжети
9 (RLIN) 242409
653 ## - Ключова дума – ненормативна
Ключова дума български фолклор
653 ## - Ключова дума – ненормативна
Ключова дума народно творчество
653 ## - Ключова дума – ненормативна
Ключова дума българска литература
653 ## - Ключова дума – ненормативна
Ключова дума Арнаудови четения
700 1# - Други автори (авторска отговорност)
Лично име Живков, Тодор Иванов
Автороска отговорност (Описва отношението между автора и произведението) ред. кол.
9 (RLIN) 363948
700 1# - Други автори (авторска отговорност)
Лично име Русев, Руси
Автороска отговорност (Описва отношението между автора и произведението) състав. на том
9 (RLIN) 371764
700 1# - Други автори (авторска отговорност)
Лично име Живков, Тодор Иванов
Автороска отговорност (Описва отношението между автора и произведението) ред. кол. на том
9 (RLIN) 363948
760 1# - Описание на основната серия
Място на издаване, издател и година Лени-Ан, 2001
Страници - том 239 с., 24 см
Заглавие Т. 2 Докл. и съобщения
852 ## - Местоположение
Форматна сигнатура Цб ІІ 11065
852 ## - Местоположение
Форматна сигнатура К 82/А 87
856 4# - Електронен адрес и достъп
Електронен формат pdf - файл
856 4# - Електронен адрес и достъп
Електронен формат pdf - файл
999 ## - СИСТЕМНИ КОНТРОЛНИ НОМЕРА
Koha biblionumber 95652
Koha biblioitemnumber 95652
942 ## - АРТИКУЛИ
Вид на библиотечния материал Книги
Скрит в OPAC Не
Периодичен библиозапис Да
Koha issues (borrowed), all copies 1
944 ## - СЪЗДАВАНЕ И РЕДАКЦИЯ на ЗАПИСА
Създаване/Редакция Създаване
Дата на регистрацията/редакция 01.01.2000
Служител, извършил регистрацията/редакцията
Статус, дата на статуса CRON CRON
944 ## - СЪЗДАВАНЕ И РЕДАКЦИЯ на ЗАПИСА
Създаване/Редакция Редакция
Дата на регистрацията/редакция 12.04.2005
999 ## - СИСТЕМНИ КОНТРОЛНИ НОМЕРА
Koha biblioitemnumber 95652
999 ## - СИСТЕМНИ КОНТРОЛНИ НОМЕРА
Koha biblioitemnumber 95652
999 ## - СИСТЕМНИ КОНТРОЛНИ НОМЕРА
Koha biblioitemnumber 95652
Наличности
Код за отписване Код за изгубен артикул Източник на класификационната схема Код за повреда Коз за рестрикции Код за отдаване Артикулен № Име на библиотеката - собственик Име на библиотеката, в която се намира в момента Статус (Текущо местоположение) Дата на вписване в системата Местоположение - отдел Цена в лева Инвентарен номер Систематично азбучна сигнатура Баркод Номер на екземпляра Цена в евро Служебна бележка Служебен тип на артикула
  Не е изгубен Universal Decimal Classification Не е повреден без рестрикции ползва се в читалня 153502 Регионална библиотека "Любен Каравелов" Русе Регионална библиотека "Любен Каравелов" Русе Краезнание 2002-02-27 Краезнание 8.00 120000668890 К 82/А 87 120000668890 1 4.09 Дост: DA Вид: А N: 1 Дата: 27.02.2002 Дата инв: 06.11.2017 Бележки инв: К2017 Книги
Изтеглен Не е изгубен   Не е повреден без рестрикции заемане за дома 153503 Регионална библиотека "Любен Каравелов" Русе Регионална библиотека "Любен Каравелов" Русе Заемна - подръчен фонд 2002-02-27 Заемна - подръчен фонд 8.00 120000668891 П 82.09/А 87 120000668891 2 4.09 Дост: DA Вид: А N: 1 Дата: 27.02.2002 Дата инв: 08.02.2018 Бележки инв: П2018 Книги
Изтеглен Не е изгубен Universal Decimal Classification Не е повреден без рестрикции заемане за дома 153504 Регионална библиотека "Любен Каравелов" Русе Регионална библиотека "Любен Каравелов" Русе Заемна - подръчен фонд 2002-02-27 Заемна - подръчен фонд 8.00 120000668892 П 82.09/А 87 120000668892 3 4.09 Дост: DA Вид: А N: 1 Дата: 27.02.2002 Дата инв: 15.03.2018 Бележки инв: П2018 Книги
  Не е изгубен Universal Decimal Classification Не е повреден без рестрикции ползва се в читалня 153505 Регионална библиотека "Любен Каравелов" Русе Регионална библиотека "Любен Каравелов" Русе Хранилище 2002-04-04 Хранилище 0.01 120000669342 Цб II 11065 120000669342 4 0.01 Дост: Dp Вид: Д N: 46 Дата: 07.11.2001 Книги
Vip Innovations Ltd, Rousse, Bulgaria 2025